| 000 | 00460nam a22001697a 4500 | ||
|---|---|---|---|
| 003 | SISC | ||
| 005 | 20160308134001.0 | ||
| 008 | 130824t xxu||||| |||| 00| 0 eng d | ||
| 020 | _a0451628225 | ||
| 050 |
_aPQ 1521 _b.H318 1970 |
||
| 082 |
_aHS 841.1 _b.So5 1970 |
||
| 245 |
_aThe Song of Roland _bTranslated and with an introduction / _cRobert Harrison. |
||
| 260 |
_aUSA : _bMentor, _cc1970. |
||
| 300 |
_a175 p. : _c18 cm. |
||
| 942 |
_2lcc _cBK |
||
| 999 |
_c9281 _d9281 |
||